ბათუმის შოთა რუსთაველის სახელმწიფო უნივერსიტეტის ბიბლიოთეკა

ქართული საყვავილე ირანული ვარდებისთვის : (ბიბ.ჩანაწერი № 36870)

000 -ლიდერი
ფიქსირებული სიგრძის საკონტროლო ველი 00929nam a2200217Ia 4500
001 - საკონტროლო ნომერი
საკონტროლო ველი 2819
003 - საკონტროლო ნომრის იდენტიფიკატორი
საკონტროლო ველი GE_BSU
005 - ბოლო ოპერაციის თარიღი და დრო
საკონტროლო ველი 20190611182253.0
008 - ფიქსირებული სიგრძის მონაცემთა ელემენტები - ზოგადი ინფორმაცია
ფიქსირებული სიგრძის საკონტროლო ველი 181216s2009||||ge |||||||||||||| ||geo||
020 ## - წიგნის საერთაშორისო სტანდარტული ნომერი
International Standard Book Number 9789941126093
040 ## - კატალოგიზაციის წყარო
Transcribing agency GE_BSU
041 ## - ენის კოდი
Language code of text/sound track or separate title geo
080 ## - უნივერსალური ათობითი კლასიფიკაციის ინდექსი
Universal Decimal Classification number 008.1(47922:55) ბ–25
100 ## - მთავარი ჩანაწერი - პიროვნების სახელი
Personal name ბართაია, ნომადი
9 (RLIN) 2416
245 ## - ცნობა სათაურის შესახებ
Title ქართული საყვავილე ირანული ვარდებისთვის :
Remainder of title ირანული ჩანახატები /
Statement of responsibility, etc ნომადი ბართაია.
264 ## - წარმოების, გამოცემის, დისტრიბუციის და სხვა ცნობები
გამოცემის, წარმოების, დისტრიბუციის... ადგილი თბილისი
გამოცემის, წარმოების, დისტრიბუციის... სახელწოდება უნივერსალი,
გამოცემის, წარმოების, დისტრიბუციის... თარიღი 2009.
300 ## - ფიზიკური აღწერა
Extent 231 გვ.;
Other physical details 20 სმ.
500 ## - ზოგადი შენიშვნა
General note თავფურ. ქართ. და სპარს. ენ.
653 ## - INDEX TERM--UNCONTROLLED
Uncontrolled term ქართულ-ირანული კულტურული ურთიერთობები
942 ## - ADDED ENTRY ELEMENTS (KOHA)
Koha item type წიგნი
Source of classification or shelving scheme
ეგზემპლარები
ჩამოწერის სტატუსი დაკარგული ეგზემპლარის სტატუსი კლასიფიკაციის წყარო ან თაროზე გაწყობის სქემა დაზიანების სტატუსი არ გაიცემა მუდმივი მდებარეობა (დაცვის ადგილი) ამჟამინდელი ადგილსამყოფელი თაროზე განთავსების ადგილი შეძენის თარიღი სრული შენახვის შიფრი შტრიხკოდი ბოლო ოპერაციის თარიღი ეგზემპლარის მიმდევრობითი ნომერი (კეტერი?) ფასის ძალაში შესვლის თარიღი ეგზემპლარის სახეობა საჯარო შენიშვნა
          ბათუმის შოთა რუსთაველის სახელმწიფო უნივერსიტეტის მთავარი ბიბლიოთეკა ბათუმის შოთა რუსთაველის სახელმწიფო უნივერსიტეტის მთავარი ბიბლიოთეკა წიგნსაცავი 2018-12-17 008.1(47922:55) ბ–25 4801 2018-12-17 4801 2018-12-17 წიგნი